000 00978nam a2200301Ia 4500
003 OSt
005 20221007123522.0
006 a|||||r|||| 00| 0
007 ta
008 221006b |||||||| |||| 00| 0 eng d
020 _a9812388656 (pbk)
_c2112.48
024 _a13798
037 _b364, 22/03/2005, Ashutosh Technical Books
_cTextual
040 _aPAPL
_cPAPL
_beng
041 _2eng
_aeng
082 _aC, P4 Carpa
100 _aAnderson Philip W
_9717342
245 0 _aCareer in theoretical physics
250 _a2
260 _aNew
_bJersey World Scientific
_c2004
300 _axix, 862p.
_ccm.
490 _aWorld scientific series in 20th century physics; 35
500 _aIncludes bibliographical references.
650 _a Theoretical physics
_9716745
650 _aMathematical physics
_9463933
942 _hC, P4 Carpa
_cTEXL
_2CC
999 _c1212038
_d1212038